| 000 | 01349nam a2200217Ia 4500 | ||
|---|---|---|---|
| 003 | Ost | ||
| 005 | 20260507075629.0 | ||
| 008 | 260507s9999||||xx |||||||||||||| ||und|| | ||
| 020 | _a9789931781289 | ||
| 040 | _cfsecg | ||
| 041 | _aara | ||
| 082 | _a658 | ||
| 100 |
_aفلياشي، سامية _eمؤلف |
||
| 245 | 0 |
_aمدخل لإدارة الأعمال / _c سامية فلياشي |
|
| 260 |
_aالجزائر: _bالنشر الجامعي الجديد, _c2021 |
||
| 300 |
_a133 صفحة؛ _bجداول، مخططات بيانية _c24 سم |
||
| 504 | _aمراجع ص.125-128 | ||
| 520 | _aالتعريف وطبيعة علم الادارة، أهميتها مميزاتها، مع علاقتها بالعلوم الأخرى وأوجه الاختلاف بين الادارة وادارة الأعمال بالاضافة الى الصفات والمسؤوليات والمهارات، كذلك تطور الفكر الاداري ومدارسه في العصور المختلفة؛ أيضا المدرسة الكلاسيكية ومدرسة العلاقات الانسانية إضافة الى مدرسة العلوم السلوكية، والنظريات الحديثة في الادارة ووظائفها من التخطيط والتنظيم والتوجيه والرقابة. | ||
| 653 | _aإدارة الأعمال | ||
| 942 | _cكتاب | ||
| 999 |
_c45186 _d45186 |
||